Culture Générale - Série 602 - Statistiques

Statistiques générales
  • Ce quiz a été pris 256 fois
  • Le résultat moyen est 7 sur 10
Statistiques - réponses
Question Réponse % Correct
De quelle ville européenne les Lisboètes sont-ils les habitants ? Lisbonne
95%
Dans quel pays êtes-vous, si vous séjournez sur la rive nord du lac Léman ? Suisse
95%
Quel coquillage rectangulaire, long et plat, porte le même nom qu'un instrument tranchant ? couteau
88%
De quel D.R.O.M. (Département et Région d'outre-mer) la ville de Saint-Denis est-elle le chef-lieu de département ? Réunion
82%
Quel mot anglais désigne un rouge à lèvres brillant ? gloss
80%
Comment appelle-t-on les habitants du Cap-Vert ? Capverdiens
75%
Je suis animateur d'un jeu télévisé. J'ai écrit la musique du tube "Pour le plaisir". Je suis ? Julien Lepers
55%
Conjuguez le verbe mouvoir, à la première personne du singulier et au présent de l'indicatif ? je meus
52%
Complétez le titre de ce film de Michel Audiard : "Comment réussir quand on est con et... pleurnichard
23%
Dans le milieu hippique, quel mot anglais signifiant "fameux" désigne un cheval de course exceptionnel ou le poulain favori d'une écurie ? crack
16%
Aucun quiz correspondant
Distribution des résultats
% des personnes avec chaque résultat
Percentile par nombre de réponses
Votre historique - résultats
Vous n’avez pas pris ce quiz